| 000 | 00746nam a2200217Ia 4500 | ||
|---|---|---|---|
| 001 | dp4/4-893 [d000000818] | ||
| 003 | IT-MiCISF | ||
| 008 | 161014s9999||||xx |||||||||||||| ||und|| | ||
| 040 |
_aIT-MiCISF _cIT-MiCISF |
||
| 041 | _ait | ||
| 100 | _aBrunelli Nadia | ||
| 245 | 0 |
_aFatti per vivere _bRiflessioni e proposte sul valore della vita umana nata e non ancora nata |
|
| 250 | _a1a ed. | ||
| 260 |
_a Verona _bCentro diocesano "Aiuto vita" _c1983 |
||
| 300 | _app. 235 | ||
| 500 | _a / pastorale, aborto, diritto-alla-vita, accoglienza-della-vita, bibbia, magistero, legislazione, società , chiesa, prevenzione, associazioni / documento | ||
| 650 | _apastorale | ||
| 700 | _aBrunelli Tito | ||
| 942 | _cBK | ||
| 957 | _71 | ||
| 999 |
_a893 _bsi _g1 _c209074 _d209074 |
||